000 00708nam a2200181Ia 4500
005 20251020182549.0
008 200515s9999 xx 000 0 und d
082 _aG6.5/C1/649
110 _aColegio de Ingenieros del Perú
245 0 _aMateriales básicos de construcción : anexos y conclusiones
260 _aLima
260 _c1991
300 _a42
520 _aRefleja la opinión de representantes de las industrias, de los usuarios, de los encargados de la normalización y de profesores e investigadores ligados a los materiales básicos de construcción, comprendiendo entre ellos al cemento, lo agregados, el acero,
650 _aLIB
650 _aMATERIALES DE CONSTRUCCION
942 _cLIB
999 _c2666
_d2666